000
00298nam a22001337a 4500
008
171101b xxu||||| |||| 00| 0 eng d
020
_a
9780393061222
041
_a
eng
080
_a
339.9
100
_a
5*9
101
_a
GLO
245
_a
MAKING GLOBALIZATION WORK
_c
JOSEPH.E
942
_2
udc
_c
BK
999
_c
37141
_d
37141